| 000 | 00606nam a2200217 a 4500 | ||
|---|---|---|---|
| 005 | 20240924071158.0 | ||
| 008 | 991125s1997 mx 000 0 spa u | ||
| 020 | _a9682983045 | ||
| 035 | _aUPN01000025854 | ||
| 049 | _aI | ||
| 050 | 4 | _aPZ74.9 M6.3 | |
| 100 | 1 |
_aMorales Veyra, Gloria _941671 |
|
| 245 | 1 | 0 |
_aGato pinto / _cil. Felipe Ugalde |
| 260 |
_aMéxico : _bCONAFE, _c1997 |
||
| 300 |
_a[17] p. : _bprincipalemte |
||
| 440 | 0 | _aSerie pocas letras | |
| 650 | 4 |
_aCuentos infantiles mexicanos _97723 |
|
| 650 | 4 |
_aLiteratura infantil _94445 |
|
| 700 | 2 |
_aUgalde, Felipe, _eil. |
|
| 905 | _aInfantil | ||
| 999 |
_c25854 _d25854 |
||